|
|
|
|
| LEADER |
01246nam a2200325 a 4500 |
| 001 |
2422824 |
| 008 |
120909s1988 maua b 001 0 eng d |
| 999 |
|
|
|c 12801
|d 12801
|
| 010 |
|
|
|a 87026271
|
| 020 |
|
|
|a 0262010992
|
| 020 |
|
|
|a 9780262510608
|
| 020 |
|
|
|a 9780262010993
|
| 040 |
|
|
|a DLC
|c DLC
|d DLC
|d BD-DhAAL
|
| 082 |
0 |
0 |
|a 720
|2 19
|
| 100 |
1 |
|
|a Alberti, Leon Battista,
|d 1404-1472.
|9 32513
|
| 240 |
1 |
0 |
|a De re aedificatoria.
|l English
|
| 245 |
1 |
0 |
|a On the art of building in ten books /
|c Leon Battista Alberti ; translated by Joseph Rykwert, Neil Leach, and Robert Tavernor.
|
| 260 |
|
|
|a Cambridge, Mass. :
|b MIT Press,
|c c1988.
|
| 300 |
|
|
|a xxiii, 442 p. :
|b ill. ;
|c 27 cm.
|
| 500 |
|
|
|a Translation of: De re aedificatoria.
|
| 504 |
|
|
|a Includes Bibliography (p. 417-419.) and index.
|
| 526 |
|
|
|a ARC
|
| 541 |
|
|
|a 00025914
|
| 650 |
|
0 |
|a Architecture
|x Early works to 1800.
|9 32514
|
| 700 |
1 |
|
|a Rykwert, Joseph.
|9 32515
|
| 700 |
1 |
|
|a Leach, Neil.
|9 32516
|
| 700 |
1 |
|
|a Tavernor, Robert.
|9 32517
|
| 852 |
1 |
|
|a Ayesha Abed Library
|j General shelf
|
| 942 |
|
|
|2 ddc
|c BK
|
| 952 |
|
|
|0 0
|1 0
|4 0
|6 720_000000000000000_ALB
|7 0
|9 21074
|a BRACUL
|b BRACUL
|c GEN
|d 2012-09-09
|e Karim International
|g 3700.00
|l 0
|o 720 ALB
|p 3010025914
|r 2012-09-09
|t 1
|w 2012-09-09
|y BK
|